| 000 | 00462nam a2200145 4500 | ||
|---|---|---|---|
| 999 |
_c509075 _d509075 |
||
| 008 | 190423b ||||| |||| 00| 0 eng d | ||
| 100 |
_aMitra, Sudeshna _94665 |
||
| 245 | _aRoads to new urban futures: flexible territorialisation in Peri-urban Kolkata and Hyderabad | ||
| 260 | _c2018 | ||
| 300 | _ap.56-64. | ||
| 650 |
_aUrban planning - Hyderabad _94666 |
||
| 773 | _aEconomic and Political Weekly | ||
| 906 | _aUrban planning - Kolkata | ||
| 942 |
_2ddc _cAR |
||